[Event "33rd Leon Blitz Open 2020"]
[Site "chess.com INT"]
[Date "2020.07.14"]
[Round "3"]
[White "Ghosh, Diptayan"]
[Black "Safarli, Eltaj"]
[Result "0-1"]
[WhiteTitle "GM"]
[BlackTitle "GM"]
[WhiteElo "2541"]
[BlackElo "2598"]
[WhiteFideId "5045207"]
[BlackFideId "13402129"]
[EventDate "2020.07.14"]
[EventType "blitz"]

1. d4 Nf6 2. c4 e6 3. Nf3 b6 4. a3 Ba6 5. Qb3 c5 6. d5 exd5 7. cxd5 g6 8. Nc3
Bg7 9. g3 O-O 10. Bg2 d6 11. O-O Nbd7 12. Bf4 Qe7 13. Qc2 Rfe8 14. Rfe1 Nh5 15.
Bg5 Qf8 16. Qa4 Nb8 17. e4 h6 18. Bd2 Bb7 19. g4 Nf6 20. e5 dxe5 21. Nxe5 a6 22.
Nc6 b5 23. Rxe8 Qxe8 24. Qf4 Nxc6 25. Re1 Qd7 26. dxc6 Bxc6 27. Be3 Bxg2 28.
Kxg2 Re8 29. Rd1 Qc6+ 30. Qf3 Qe6 31. h3 c4 32. Bc5 Ne4 33. Nxe4 Qxe4 34. Qxe4
Rxe4 35. Rd8+ Kh7 36. Rd7 Bxb2 37. Rxf7+ Kg8 38. Rc7 c3 39. Bb4 Rc4 0-1

[Event "33rd Leon Blitz Open 2020"]
[Site "chess.com INT"]
[Date "2020.07.14"]
[Round "3"]
[White "Sharmin, Samiha Shimmi"]
[Black "Zia, Tahsin Tajwar"]
[Result "0-1"]
[WhiteTitle "WCM"]
[BlackTitle "CM"]
[WhiteElo "1812"]
[BlackElo "2071"]
[WhiteFideId "10203087"]
[BlackFideId "10211888"]
[EventDate "2020.07.14"]
[EventType "blitz"]

1. e4 c6 2. d4 d5 3. exd5 cxd5 4. c4 Nf6 5. Nc3 g6 6. c5 Bg7 7. Nf3 O-O 8. Be2
Nc6 9. Be3 Bg4 10. h3 Bf5 11. a3 Ne4 12. O-O Nxc3 13. bxc3 e5 14. Re1 exd4 15.
cxd4 Re8 16. Qd2 Be4 17. Ra2 Rc8 18. Rb2 Rc7 19. Rd1 Rd7 20. Bh6 Bxf3 21. Bxf3
Nxd4 22. Bxg7 Nxf3+ 23. gxf3 Kxg7 24. Rdb1 Qc8 25. Qd4+ f6 26. Kg2 Qc6 27. Rb5
Re5 28. f4 Re4 29. Qb2 d4 30. f3 Re3 31. Rf1 d3 32. Rb3 Re2+ 0-1

[Event "33rd Leon Blitz Open 2020"]
[Site "chess.com INT"]
[Date "2020.07.14"]
[Round "3"]
[White "Maly, Alexey"]
[Black "Das, Sayantan"]
[Result "1-0"]
[WhiteTitle "IM"]
[BlackTitle "IM"]
[WhiteElo "2371"]
[BlackElo "2431"]
[WhiteFideId "14103184"]
[BlackFideId "5034426"]
[EventDate "2020.07.14"]
[EventType "blitz"]

1. d4 Nf6 2. c4 g6 3. Nc3 Bg7 4. e4 O-O 5. Be2 d6 6. Nf3 Bg4 7. Ng1 Bxe2 8.
Ngxe2 Nfd7 9. O-O c5 10. Be3 cxd4 11. Nxd4 Nc6 12. Rc1 Rc8 13. b3 Nc5 14. f3 e6
15. Qd2 Qb6 16. Nxc6 Qxc6 17. Nb5 Qa6 18. b4 Na4 19. Nxd6 Rcd8 20. c5 b6 21. b5
Qa5 22. Qxa5 bxa5 23. Rf2 Rd7 24. Rfc2 Rfd8 25. Kf1 Bf8 26. e5 Bg7 27. f4 f6 28.
c6 Rc7 29. exf6 Bxf6 30. Ne4 Be7 31. Rd2 Rd5 32. Rcd1 Nb6 33. Bxb6 Rxd2 34. Rxd2
axb6 35. a4 Kf7 36. Ke2 Rc8 37. Rd7 1-0

[Event "33rd Leon Blitz Open 2020"]
[Site "chess.com INT"]
[Date "2020.07.14"]
[Round "3"]
[White "Chernikov, Vladimir"]
[Black "Leve, Nitai"]
[Result "0-1"]
[WhiteTitle "FM"]
[WhiteElo "2231"]
[BlackElo "2128"]
[WhiteFideId "14112914"]
[BlackFideId "2006898"]
[EventDate "2020.07.14"]
[EventType "blitz"]

1. c4 c6 2. Nc3 d5 3. e3 Nf6 4. b3 Bg4 5. Qc2 e6 6. Bb2 Bd6 7. Be2 Bf5 8. d3
dxc4 9. bxc4 O-O 10. Nf3 h6 11. e4 Bg4 12. d4 Be7 13. O-O-O Na6 14. h3 Bh5 15.
g4 Bg6 16. Ne5 Bh7 17. f4 Qa5 18. g5 hxg5 19. fxg5 Nb4 20. Qb1 Nxe4 21. g6 Bg5+
22. Rd2 Nxd2 23. gxh7+ Kh8 24. Ng6+ fxg6 25. Qxg6 Nxc4+ 26. Kd1 Nxb2+ 27. Ke1
Nxa2 28. Rg1 Qxc3# 0-1

[Event "33rd Leon Blitz Open 2020"]
[Site "chess.com INT"]
[Date "2020.07.14"]
[Round "3"]
[White "Przybylski, Wojciech"]
[Black "Sipila, Vilka"]
[Result "0-1"]
[WhiteTitle "FM"]
[BlackTitle "IM"]
[WhiteElo "2321"]
[BlackElo "2402"]
[WhiteFideId "1117599"]
[BlackFideId "505455"]
[EventDate "2020.07.14"]
[EventType "blitz"]

1. e4 c6 2. d4 d5 3. e5 c5 4. Nf3 cxd4 5. Nxd4 Nc6 6. f4 Qb6 7. Nb3 Bf5 8. Nc3
e6 9. Bd3 Nh6 10. Qe2 Bxd3 11. Qxd3 Nf5 12. a3 h5 13. Bd2 Be7 14. O-O-O O-O-O
15. Nb5 a6 16. Nc3 Kb8 17. Kb1 Rc8 18. Ne2 Na7 19. Ba5 Qf2 20. Ned4 Nxd4 21.
Nxd4 Qxf4 22. Rhf1 Qxe5 23. Rxf7 Bf6 24. Qb3 b5 25. Bc3 Qd6 26. a4 Ka8 27. axb5
Rb8 28. Qa4 Nxb5 29. Nxb5 Rxb5 30. Bxf6 gxf6 31. Rxf6 Rhb8 32. b3 Rb4 33. Qa1 d4
34. Rf3 e5 35. Rfd3 Ka7 36. Qb2 Qd5 37. g3 a5 38. Qa2 a4 39. Kc1 Kb7 40. Qa3 Kc8
41. bxa4 Rb1+ 42. Kd2 Rxd1+ 43. Kxd1 Rb1+ 44. Ke2 Qg2# 0-1

[Event "33rd Leon Blitz Open 2020"]
[Site "chess.com INT"]
[Date "2020.07.14"]
[Round "3"]
[White "Idrisov, Ildar F"]
[Black "Horvath, Dominik"]
[Result "0-1"]
[WhiteTitle "FM"]
[BlackTitle "IM"]
[WhiteElo "2282"]
[BlackElo "2446"]
[WhiteFideId "4151020"]
[BlackFideId "1642561"]
[EventDate "2020.07.14"]
[EventType "blitz"]

1. Nf3 Nf6 2. d4 d5 3. Bf4 c5 4. e3 Nc6 5. c3 Qb6 6. Qc1 Bf5 7. Nbd2 e6 8. Be2
Rc8 9. O-O cxd4 10. exd4 Be7 11. Re1 O-O 12. Bd1 Nb4 13. Be2 Nc2 14. Rf1 Nxa1
15. Qxa1 Ne4 16. Nb3 Bd6 17. Be3 Qc7 18. h3 Bf4 19. Bxf4 Qxf4 20. Qd1 b6 21. Bd3
a5 22. a4 Qd6 23. Bb5 f6 24. Qe2 Bg6 25. Qe3 Be8 26. Qe2 Bxb5 27. Qxb5 Qc6 28.
Nbd2 Qxb5 29. axb5 Nd6 30. Re1 Kf7 31. Nf1 Nxb5 32. Ne3 Nd6 33. g3 b5 34. Ra1
Ra8 35. Ne1 Rfb8 36. Nd3 Nc4 37. Nd1 b4 38. cxb4 axb4 39. Rb1 b3 40. Nc3 Ra5 41.
Kf1 e5 42. dxe5 fxe5 43. Ke2 Ke6 44. f4 e4 45. Nf2 Rc8 46. Nfd1 Nd6 47. Ke3 Nf5+
48. Kf2 Nd6 49. Ke3 Rc4 50. Kd2 d4 51. Ne2 Rc2+ 52. Ke1 Rd5 53. Nc1 Rb5 54. Ne2
Kd5 55. Nf2 e3 56. Nd3 Ke4 57. Ne5 d3 58. Nc3+ Rxc3 59. bxc3 b2 60. c4 Ra5 0-1

[Event "33rd Leon Blitz Open 2020"]
[Site "chess.com INT"]
[Date "2020.07.14"]
[Round "3"]
[White "Suvrajit, Saha"]
[Black "Gurevich, Dmitry"]
[Result "1-0"]
[WhiteTitle "IM"]
[BlackTitle "GM"]
[WhiteElo "2198"]
[BlackElo "2399"]
[WhiteFideId "5002532"]
[BlackFideId "2000407"]
[EventDate "2020.07.14"]
[EventType "blitz"]

1. d4 Nf6 2. Nf3 e6 3. e3 c5 4. Bd3 b6 5. O-O Bb7 6. c4 Be7 7. Nc3 cxd4 8. exd4
d5 9. cxd5 Nxd5 10. Ne5 a6 11. Re1 O-O 12. Qg4 Nf6 13. Qh3 Nc6 14. Bg5 g6 15.
Rad1 Nh5 16. Bh6 Bg5 17. Bxf8 Qxf8 18. Be4 Rc8 19. Nxc6 Bxc6 20. Bxc6 Rxc6 21.
d5 exd5 22. Nxd5 Rd6 23. Qa3 Kg7 24. Qc3+ Nf6 25. Nxf6 Bxf6 26. Qa3 Rxd1 27.
Qxf8+ Kxf8 28. Rxd1 Bxb2 29. Rd6 b5 30. Rxa6 b4 31. Kf1 h5 32. Ke2 h4 33. h3 Ke7
34. Kd3 g5 35. f3 f6 36. Kc4 Bc3 37. a3 1-0

[Event "33rd Leon Blitz Open 2020"]
[Site "chess.com INT"]
[Date "2020.07.14"]
[Round "3"]
[White "Altman, Joshua"]
[Black "Muradli, Mahammad"]
[Result "0-1"]
[WhiteTitle "CM"]
[BlackTitle "IM"]
[WhiteElo "1926"]
[BlackElo "2449"]
[WhiteFideId "426210"]
[BlackFideId "13409301"]
[EventDate "2020.07.14"]
[EventType "blitz"]

1. d4 d5 2. c4 e6 3. Nc3 Be7 4. cxd5 exd5 5. Nf3 c6 6. Bf4 Nf6 7. Qc2 g6 8. e3
Bf5 9. Bd3 Bxd3 10. Qxd3 Nbd7 11. Bh6 Bf8 12. Bxf8 Kxf8 13. O-O Kg7 14. b4 a6
15. a4 b5 16. a5 Qe7 17. Rab1 Ne4 18. Nd2 Nd6 19. Nb3 Nc4 20. Nc5 Nxc5 21. dxc5
Rhe8 22. Ne2 f5 23. Nd4 Qf6 24. h3 Re4 25. Rfd1 Rae8 26. Qc3 f4 27. exf4 Rxf4
28. Rbc1 Kg8 29. Nf3 Qxc3 30. Rxc3 Nb2 31. Rd4 Ree4 32. Rxe4 Rxe4 33. Rb3 Nc4
34. Rd3 Kg7 35. Nd4 Ne5 36. Re3 Rxd4 37. Rxe5 Rxb4 38. Re7+ Kh6 39. Rc7 Ra4 40.
Rxc6 Rxa5 41. Rd6 b4 42. Rxd5 b3 43. Rd3 b2 44. Rb3 Ra1+ 0-1

[Event "33rd Leon Blitz Open 2020"]
[Site "chess.com INT"]
[Date "2020.07.14"]
[Round "3"]
[White "Skliarov, Viktor"]
[Black "Galiana Salom, Juan Ramon"]
[Result "1-0"]
[WhiteTitle "IM"]
[BlackTitle "FM"]
[WhiteElo "2376"]
[BlackElo "2248"]
[WhiteFideId "14106736"]
[BlackFideId "2203081"]
[EventDate "2020.07.14"]
[EventType "blitz"]

1. e4 e6 2. d4 d5 3. e5 c5 4. c3 Nc6 5. Nf3 Bd7 6. a3 c4 7. Nbd2 Qb6 8. g3 Na5
9. h4 h6 10. Bh3 O-O-O 11. O-O Kb8 12. h5 Rc8 13. Nh4 Be7 14. Ng2 Nb3 15. Nxb3
Ba4 16. Ne3 Bxb3 17. Qg4 Bf8 18. f4 Ne7 19. f5 exf5 20. Nxf5 Bc2 21. Nd6 Rc7 22.
Rxf7 Qb3 23. Ne8 Rc6 24. Qd7 a6 25. Nd6 Be4 26. Nxe4 dxe4 27. Bg4 Nc8 28. d5
Bc5+ 29. Kh1 Rb6 30. Qc7+ Ka7 31. Qxc5 Qc2 32. Rf2 Qd3 33. Be3 Rd8 34. Rd1 1-0

[Event "33rd Leon Blitz Open 2020"]
[Site "chess.com INT"]
[Date "2020.07.14"]
[Round "3"]
[White "Stany, G.A."]
[Black "Akshat, Khamparia"]
[Result "0-1"]
[WhiteTitle "GM"]
[BlackTitle "IM"]
[WhiteElo "2522"]
[BlackElo "2406"]
[WhiteFideId "5029104"]
[BlackFideId "5016541"]
[EventDate "2020.07.14"]
[EventType "blitz"]

1. d4 Nf6 2. c4 g6 3. Nc3 Bg7 4. e4 d6 5. Be2 O-O 6. Be3 e5 7. d5 a5 8. g4 Na6
9. h4 Nc5 10. f3 h5 11. g5 Nh7 12. Nh3 f5 13. Nf2 fxe4 14. fxe4 Bd7 15. Qc2 a4
16. O-O-O a3 17. b4 Na4 18. Nd3 Nxc3 19. Qxc3 c6 20. dxc6 bxc6 21. Ne1 Be6 22.
Nc2 d5 23. cxd5 cxd5 24. exd5 Rc8 25. Bc5 Bf5 26. Ne3 e4 27. Qxa3 Qe8 28. Kb1
Rf7 29. Nc4 Rxc5 30. bxc5 Rb7+ 31. Kc1 e3 32. c6 Rb1# 0-1

[Event "33rd Leon Blitz Open 2020"]
[Site "chess.com INT"]
[Date "2020.07.14"]
[Round "3"]
[White "Grunberg, Mihai-Lucian"]
[Black "Pichot, Alan"]
[Result "0-1"]
[WhiteTitle "IM"]
[BlackTitle "GM"]
[WhiteElo "2401"]
[BlackElo "2630"]
[WhiteFideId "1204149"]
[BlackFideId "110973"]
[EventDate "2020.07.14"]
[EventType "blitz"]

1. Nf3 d5 2. c4 e6 3. g3 Nf6 4. Bg2 Be7 5. O-O O-O 6. d4 dxc4 7. Qc2 a6 8. a4 c5
9. Qxc4 b6 10. Ne5 Ra7 11. Rd1 Bb7 12. Bxb7 Rxb7 13. Nc3 cxd4 14. Rxd4 Qc8 15.
Be3 Bc5 16. Rd3 Bxe3 17. Rxe3 Qxc4 18. Nxc4 Rd8 19. f3 Nc6 20. Ne5 Nb4 21. Kf2
Nc2 22. Rc1 Nxe3 23. Kxe3 Rc7 24. Rb1 Kf8 25. f4 Ke7 26. a5 b5 27. Kf3 Nd5 28.
Ne4 Nb4 29. Nc3 Nc6 30. Nd3 Nd4+ 31. Ke3 Nf5+ 32. Kf3 Nd6 33. Ne5 Nc4 34. Nd3
Nd2+ 0-1

[Event "33rd Leon Blitz Open 2020"]
[Site "chess.com INT"]
[Date "2020.07.14"]
[Round "3"]
[White "Das, Arghyadip"]
[Black "Grigoriants, Sergey"]
[Result "1/2-1/2"]
[WhiteTitle "IM"]
[BlackTitle "GM"]
[WhiteElo "2453"]
[BlackElo "2542"]
[WhiteFideId "5003610"]
[BlackFideId "4130804"]
[EventDate "2020.07.14"]
[EventType "blitz"]

1. d4 Nf6 2. c4 e6 3. Nc3 Bb4 4. e3 O-O 5. Bd2 c5 6. a3 Bxc3 7. Bxc3 Ne4 8. Rc1
d6 9. Bd3 Nxc3 10. Rxc3 Nc6 11. Ne2 f5 12. O-O e5 13. Bb1 Qf6 14. dxc5 dxc5 15.
Qd5+ Be6 16. Qxc5 Rad8 17. Qb5 Rd7 18. Rd3 a6 19. Qb3 Rxd3 20. Bxd3 e4 21. Bb1
Na5 22. Qb4 Bxc4 23. Re1 Bxe2 24. Rxe2 b6 25. Rd2 Rd8 26. Ba2+ Kh8 27. g3 Nc6
28. Qc4 Ne5 29. Rxd8+ Qxd8 30. Qe6 Qd1+ 31. Kg2 Qf3+ 32. Kg1 Qd1+ 33. Kg2 Qf3+
34. Kg1 Qd1+ 1/2-1/2

[Event "33rd Leon Blitz Open 2020"]
[Site "chess.com INT"]
[Date "2020.07.14"]
[Round "3"]
[White "Nurmanova, Alua"]
[Black "Safin, Robert"]
[Result "0-1"]
[WhiteTitle "WFM"]
[BlackTitle "FM"]
[WhiteElo "2026"]
[BlackElo "2287"]
[WhiteFideId "13729390"]
[BlackFideId "34189120"]
[EventDate "2020.07.14"]
[EventType "blitz"]

1. e4 c5 2. Nf3 e6 3. d4 cxd4 4. Nxd4 Nf6 5. Nc3 Nc6 6. Be3 Bb4 7. Bd3 d5 8.
exd5 Nxd5 9. Nxc6 Nxe3 10. Nxd8 Nxd1 11. Rxd1 Kxd8 12. Bxh7+ Ke7 13. Be4 Bd7 14.
Bxb7 Rab8 15. Bf3 Ba5 16. O-O Rxb2 17. Ne4 Rxc2 18. Rb1 Bb6 19. a3 f5 20. Ng3 e5
21. Bd5 Kf6 22. Rbc1 Rhc8 23. Rxc2 Rxc2 24. Kh1 Bxf2 25. Nh5+ Kg6 26. Bf3 Bc5
27. g4 e4 28. Bd1 Rd2 29. gxf5+ Bxf5 30. Nf4+ Kg5 31. Ng2 e3 32. h4+ Kf6 33. Bg4
Rf2 34. Rxf2 exf2 35. Be2 Bxa3 36. Nf4 Bd6 37. Nd3 Be4+ 0-1

[Event "33rd Leon Blitz Open 2020"]
[Site "chess.com INT"]
[Date "2020.07.14"]
[Round "3"]
[White "Hamley, Ryan"]
[Black "Sasikiran, Krishnan"]
[Result "0-1"]
[BlackTitle "GM"]
[WhiteElo "2089"]
[BlackElo "2647"]
[WhiteFideId "30959497"]
[BlackFideId "5004985"]
[EventDate "2020.07.14"]
[EventType "blitz"]

1. d4 Nf6 2. c4 g6 3. Nc3 Bg7 4. e4 d6 5. h3 O-O 6. Be3 c5 7. Nf3 cxd4 8. Nxd4
b6 9. Rc1 Bb7 10. Bd3 Nc6 11. Nxc6 Bxc6 12. O-O Nd7 13. b3 a5 14. Nd5 e6 15. Nc3
f5 16. exf5 gxf5 17. Nb5 f4 18. Bd4 Qg5 19. f3 Bxb5 20. Bxg7 Kxg7 21. cxb5 Nc5
22. Be2 d5 23. a3 Qe5 24. b4 axb4 25. axb4 Qe3+ 26. Kh1 Nb3 27. Rc7+ Kf6 28. Qc2
Nd4 29. Qxh7 Nf5 30. Re1 Ra2 31. Rc6 Rxe2 32. Rxe2 Qxe2 33. Rxb6 Ra8 34. Kh2 Qf2
35. Rxe6+ Kxe6 36. Qg6+ Ke5 0-1

[Event "33rd Leon Blitz Open 2020"]
[Site "chess.com INT"]
[Date "2020.07.14"]
[Round "3"]
[White "Budrewicz, Krzysztof"]
[Black "Santos Latasa, Jaime"]
[Result "0-1"]
[BlackTitle "GM"]
[WhiteElo "2227"]
[BlackElo "2575"]
[WhiteFideId "1127950"]
[BlackFideId "2293307"]
[EventDate "2020.07.14"]
[EventType "blitz"]

1. d4 Nf6 2. c4 g6 3. Nc3 Bg7 4. e4 d6 5. Nf3 O-O 6. Be2 e5 7. Be3 Nbd7 8. d5
Ng4 9. Bg5 f6 10. Bh4 Nh6 11. Nd2 g5 12. Bg3 f5 13. exf5 Nf6 14. Nde4 Nxe4 15.
Nxe4 Bxf5 16. Bd3 Bg6 17. O-O Nf5 18. Qd2 h6 19. Nc3 Qe7 20. Rae1 h5 21. f3 Bh6
22. Qd1 Rf7 23. Be4 Kh8 24. Qb1 Raf8 25. b4 g4 26. f4 h4 27. Bf2 Bxf4 28. Bxa7
Bd2 29. Qd3 Bxe1 30. Rxe1 b6 31. a4 Bh7 32. a5 bxa5 33. bxa5 h3 34. Bf2 Nh4 35.
Bxh4 Qxh4 36. g3 Qf6 37. Qe2 Bxe4 38. Nxe4 Qf3 39. Qxf3 Rxf3 40. Ng5 Ra3 41. Ne6
Rf7 42. Nd8 Rff3 43. Nc6 Ra2 44. Rf1 Rg2+ 0-1

[Event "33rd Leon Blitz Open 2020"]
[Site "chess.com INT"]
[Date "2020.07.14"]
[Round "3"]
[White "Piorun, Kacper"]
[Black "Dhulipalla, Bala Chandra Prasad"]
[Result "0-1"]
[WhiteTitle "GM"]
[BlackTitle "IM"]
[WhiteElo "2601"]
[BlackElo "2441"]
[WhiteFideId "1130420"]
[BlackFideId "25005812"]
[EventDate "2020.07.14"]
[EventType "blitz"]

1. e4 Nc6 2. Nf3 d6 3. d4 Nf6 4. Nc3 Bg4 5. Be3 e5 6. dxe5 dxe5 7. Be2 Bb4 8.
Nd2 Be6 9. O-O O-O 10. f3 Nd4 11. Bc4 c6 12. Bxe6 Nxe6 13. Nc4 Qc7 14. Qe2 Nd7
15. Nd1 Rad8 16. Kh1 Rfe8 17. c3 Bf8 18. b4 b5 19. Na5 Nb6 20. Nf2 a6 21. Nd3
Na4 22. Rac1 c5 23. a3 c4 24. Nb2 Nxb2 25. Qxb2 Rd3 26. Rfe1 Red8 27. Qc2 g6 28.
a4 Rxe3 29. Rxe3 Bh6 30. Ree1 Bxc1 31. Rxc1 Nf4 32. axb5 axb5 33. g3 Nd3 34. Rf1
Rd6 35. Kg2 Qb6 36. Qe2 h5 37. h4 Kg7 38. Rd1 Qc7 39. Rd2 Qd7 40. Ra2 Nc1 0-1

[Event "33rd Leon Blitz Open 2020"]
[Site "chess.com INT"]
[Date "2020.07.14"]
[Round "3"]
[White "Sevian, Samuel"]
[Black "Efimenko, Zahar"]
[Result "1-0"]
[WhiteTitle "GM"]
[BlackTitle "GM"]
[WhiteElo "2660"]
[BlackElo "2602"]
[WhiteFideId "2040506"]
[BlackFideId "14107201"]
[EventDate "2020.07.14"]
[EventType "blitz"]

1. e4 g6 2. d4 Bg7 3. Nc3 d6 4. Be3 a6 5. h3 b5 6. Nf3 Bb7 7. Bd3 Nd7 8. a4 b4
9. Ne2 Ngf6 10. Ng3 O-O 11. O-O c5 12. c3 a5 13. Re1 Qc7 14. Qd2 Rfe8 15. Bh6
Bxh6 16. Qxh6 e5 17. Ng5 Re7 18. Rac1 Qd8 19. dxc5 Nxc5 20. Bc4 Qf8 21. Qh4 Qg7
22. cxb4 axb4 23. Re3 h6 24. Nxf7 Rxf7 25. Nf5 g5 26. Qxh6 Qxh6 27. Nxh6+ Kg7
28. Nxf7 Ncxe4 29. f3 d5 30. fxe4 dxc4 31. Nxe5 c3 32. bxc3 b3 33. Rb1 Bxe4 34.
Rxb3 Rxa4 35. Rb4 Ra1+ 36. Kh2 Bd5 37. c4 Ba8 38. Rb2 Rc1 39. Ra2 Be4 40. Nd7
Rxc4 41. Nxf6 Kxf6 42. Ra6+ Kf5 43. Ra5+ Kf4 44. Rg3 1-0

[Event "33rd Leon Blitz Open 2020"]
[Site "chess.com INT"]
[Date "2020.07.14"]
[Round "3"]
[White "Nguyen, Thanh Thuy Tien"]
[Black "Hoffmann, Asa"]
[Result "1-0"]
[WhiteTitle "WIM"]
[BlackTitle "FM"]
[WhiteElo "1971"]
[BlackElo "2185"]
[WhiteFideId "12400998"]
[BlackFideId "2001470"]
[EventDate "2020.07.14"]
[EventType "blitz"]

1. Nf3 d6 2. c4 e5 3. d3 Nf6 4. Nbd2 Be7 5. e3 c6 6. Be2 O-O 7. b4 h6 8. Bb2 Be6
9. O-O Nbd7 10. Qc2 a6 11. d4 exd4 12. Nxd4 d5 13. cxd5 cxd5 14. a3 Rc8 15. Qb3
Qb6 16. Rac1 Bd6 17. h3 Ne5 18. f4 Nc6 19. f5 Bd7 20. Nxc6 Bxc6 21. Bxf6 gxf6
22. Kh1 Rfe8 23. Rc3 Be5 24. Rc5 Rcd8 25. Bh5 Re7 26. e4 dxe4 27. Rxe5 fxe5 28.
f6 Rd3 29. Qd1 Bd7 30. fxe7 Qd6 31. Bxf7+ Kg7 32. Qh5 Rxd2 33. e8=Q Bxe8 34.
Bxe8 1-0

[Event "33rd Leon Blitz Open 2020"]
[Site "chess.com INT"]
[Date "2020.07.14"]
[Round "3"]
[White "Fawzy, Adham"]
[Black "Sarana, Alexey"]
[Result "1-0"]
[WhiteTitle "GM"]
[BlackTitle "GM"]
[WhiteElo "2467"]
[BlackElo "2654"]
[WhiteFideId "10613129"]
[BlackFideId "24133795"]
[EventDate "2020.07.14"]
[EventType "blitz"]

1. e4 c5 2. c4 d6 3. Nc3 Nc6 4. Nge2 g6 5. d4 Bg7 6. Be3 Nf6 7. h3 Qa5 8. d5 Ne5
9. Ng3 a6 10. Be2 h5 11. f4 Ned7 12. O-O h4 13. Nh1 Nh5 14. e5 dxe5 15. f5 Ndf6
16. fxg6 fxg6 17. Bd3 Bf5 18. Bxf5 gxf5 19. Rxf5 Qc7 20. Qa4+ Qd7 21. Bxc5 b5
22. Qc2 Rc8 23. b4 e4 24. Raf1 bxc4 25. Nxe4 O-O 26. Ng5 Bh6 27. Ne6 Rf7 28.
Rxh5 Rxc5 29. Nxc5 Be3+ 30. Nf2 Qd6 31. Rf5 Rg7 32. Kh1 Qg3 33. Nfe4 Nxe4 34.
Rf8+ Kh7 35. Qxe4+ Rg6 1-0

[Event "33rd Leon Blitz Open 2020"]
[Site "chess.com INT"]
[Date "2020.07.14"]
[Round "3"]
[White "Vitiugov, Nikita"]
[Black "Bjerre, Jonas Buhl"]
[Result "1-0"]
[WhiteTitle "GM"]
[BlackTitle "GM"]
[WhiteElo "2722"]
[BlackElo "2549"]
[WhiteFideId "4152956"]
[BlackFideId "1444948"]
[EventDate "2020.07.14"]
[EventType "blitz"]

1. d4 Nf6 2. Nf3 d5 3. Bf4 e6 4. e3 Bd6 5. Nbd2 b6 6. c3 O-O 7. h4 c5 8. h5 Qc7
9. Bxd6 Qxd6 10. h6 g6 11. Ne5 Nfd7 12. f4 f6 13. Nef3 Ba6 14. Bxa6 Nxa6 15. Qe2
Nc7 16. O-O Rae8 17. Rad1 Qe7 18. c4 Kh8 19. g3 e5 20. fxe5 fxe5 21. dxc5 e4 22.
Nd4 bxc5 23. N4b3 Qg5 24. Kg2 Ne5 25. Rf4 Ne6 26. Rxf8+ Rxf8 27. cxd5 Ng4 28.
Nxe4 Qf5 29. Nbd2 Ng5 30. Rf1 Nxe3+ 31. Qxe3 Qh3+ 32. Kg1 Rxf1+ 33. Nxf1 1-0

[Event "33rd Leon Blitz Open 2020"]
[Site "chess.com INT"]
[Date "2020.07.14"]
[Round "3"]
[White "Djokic, Mihailo"]
[Black "Moiseenko, Alexander"]
[Result "0-1"]
[WhiteTitle "FM"]
[BlackTitle "GM"]
[WhiteElo "2232"]
[BlackElo "2620"]
[WhiteFideId "976440"]
[BlackFideId "14102560"]
[EventDate "2020.07.14"]
[EventType "blitz"]

1. e4 c5 2. Nf3 Nc6 3. d4 cxd4 4. Nxd4 Nf6 5. Nc3 e5 6. Ndb5 d6 7. Bg5 a6 8.
Bxf6 gxf6 9. Na3 b5 10. Nd5 f5 11. c3 Bg7 12. exf5 Bxf5 13. Nc2 O-O 14. Nce3 Bg6
15. Bd3 f5 16. a4 b4 17. Bc4 Kh8 18. f4 bxc3 19. bxc3 exf4 20. Nxf4 Bxc3+ 21.
Kf1 Bxa1 22. Qxa1+ Qf6 23. Qe1 Rae8 24. g3 Qe5 25. Neg2 Qxe1+ 26. Nxe1 a5 27.
Bb5 Rc8 28. Nf3 Ne5 29. Nd4 Rc1+ 30. Kg2 Rxh1 31. Kxh1 Rc8 32. h4 Be8 33. Bxe8
Rxe8 34. Nxf5 d5 35. Nxd5 Nc4 36. g4 Re2 37. h5 Ne5 38. Ng3 Ra2 39. Nf4 Rxa4 40.
Nfe2 Rxg4 41. Nf5 a4 42. h6 a3 43. Nc3 Rc4 44. Nd5 a2 0-1

[Event "33rd Leon Blitz Open 2020"]
[Site "chess.com INT"]
[Date "2020.07.14"]
[Round "3"]
[White "Riehle, Marco"]
[Black "Korobov, Anton"]
[Result "0-1"]
[WhiteTitle "FM"]
[BlackTitle "GM"]
[WhiteElo "2347"]
[BlackElo "2688"]
[WhiteFideId "12904392"]
[BlackFideId "14105730"]
[EventDate "2020.07.14"]
[EventType "blitz"]

1. e4 c5 2. a3 Nf6 3. e5 Nd5 4. c4 Nc7 5. b4 b6 6. Bb2 Nc6 7. Nf3 g6 8. b5 Na5
9. e6 f6 10. exd7+ Qxd7 11. Be2 e5 12. d3 Bg7 13. O-O O-O 14. Nbd2 Bb7 15. Nb3
Nxb3 16. Qxb3 Ne6 17. Bc1 Rad8 18. Rd1 Bxf3 19. Bxf3 Nd4 20. Qb2 Nxf3+ 21. gxf3
f5 22. Bd2 Qxd3 23. Be3 Qxc4 24. Rac1 Rxd1+ 25. Rxd1 f4 26. Bc1 e4 27. Qd2 exf3
28. Bb2 Qe6 29. Kh1 Re8 30. Bxg7 Kxg7 31. Qc3+ Kh6 32. Qxf3 Qe4 33. Kg2 Qxf3+
34. Kxf3 c4 35. Rd6 Re5 36. Rc6 Rxb5 37. Rxc4 Rb3+ 38. Kxf4 Rxa3 39. Ke5 Rf3 40.
Rc2 b5 41. Ke4 Rh3 42. f3 b4 43. Kf4 a5 44. Kg4 Rh5 0-1

[Event "33rd Leon Blitz Open 2020"]
[Site "chess.com INT"]
[Date "2020.07.14"]
[Round "3"]
[White "Munkhzul, Turmunkh"]
[Black "Shimanov, Aleksandr"]
[Result "1/2-1/2"]
[WhiteTitle "WIM"]
[BlackTitle "GM"]
[WhiteElo "2278"]
[BlackElo "2593"]
[WhiteFideId "4901878"]
[BlackFideId "4198603"]
[EventDate "2020.07.14"]
[EventType "blitz"]

1. e4 d5 2. exd5 Qxd5 3. Nc3 Qd6 4. d4 Nf6 5. Nf3 Nc6 6. Be2 Bg4 7. Be3 O-O-O 8.
Nb5 Qd7 9. Ne5 Nxe5 10. dxe5 Qxd1+ 11. Rxd1 Rxd1+ 12. Kxd1 Bxe2+ 13. Kxe2 Nd5
14. Nxa7+ Kb8 15. Nb5 e6 16. Rd1 c6 17. Nd6 Bxd6 18. exd6 Kc8 19. c4 Nf6 20. Rd3
Nd7 21. Ra3 Kb8 22. Ba7+ Kc8 23. Bd4 Kb8 24. Bxg7 Rg8 25. Rg3 c5 26. Bc3 Rxg3
27. hxg3 b6 28. Kf3 Kb7 29. Kg4 Kc6 30. f4 Kxd6 31. Kg5 Ke7 32. Kh6 f6 33. Kxh7
e5 34. fxe5 Nxe5 35. b3 Kf7 36. Kh6 Nd3 37. a3 Nf2 38. b4 Ne4 39. Be1 Nd6 40.
bxc5 bxc5 41. Bf2 Nb7 42. g4 Ke6 43. g5 fxg5 44. Kxg5 Nd6 45. Kf4 Nxc4 46. Bxc5
Kd5 47. Bb4 Ne5 48. g4 Nxg4 49. Kxg4 Kc6 50. Kf4 Kb7 51. Ke5 Ka8 52. Kd5 Kb7 53.
Kc5 Ka8 54. Kb6 Kb8 55. Bd6+ Ka8 56. a4 1/2-1/2